| 000 -LEADER |
| fixed length control field |
00472nam a22001811a 4500 |
| 020 ## - INTERNATIONAL STANDARD BOOK NUMBER |
| International Standard Book Number |
9780803976764 |
| Terms of availability |
0.00 |
| 040 ## - CATALOGING SOURCE |
| Original cataloging agency |
SSUS - Library - Kalady |
| 082 ## - DEWEY DECIMAL CLASSIFICATION NUMBER |
| Classification number |
172 |
| Item number |
JER/L |
| 100 ## - MAIN ENTRY--PERSONAL NAME |
| Personal name |
Jeremy Moss (ed.) |
| 245 ## - TITLE STATEMENT |
| Title |
The later foucault : politics and philosophy |
| Medium |
[Text] |
| 260 ## - PUBLICATION, DISTRIBUTION, ETC. |
| Place of publication, distribution, etc. |
New Delhi |
| Name of publisher, distributor, etc. |
Sage |
| Date of publication, distribution, etc. |
1998 |
| 300 ## - PHYSICAL DESCRIPTION |
| Extent |
201p. |
| 600 ## - SUBJECT ADDED ENTRY--PERSONAL NAME |
| Personal name |
Ethics |
| 600 ## - SUBJECT ADDED ENTRY--PERSONAL NAME |
| Personal name |
Philosophy |
| 600 ## - SUBJECT ADDED ENTRY--PERSONAL NAME |
| Personal name |
Political Ethics |
| 852 ## - LOCATION |
| -- |
1394.90 |
| -- |
|
| 942 ## - ADDED ENTRY ELEMENTS (KOHA) |
| Koha item type |
Book |